00968nam a2200241Ia 4500003000400000005001700004008004100021020001800062040001800080041000800098082002100106100002500127245017100152250003300323260007000356300004900426650002500475650001500500700003200515942003000547999001900577952013000596OSt20230118112052.0210716s2017 xx 000 0 und d a9789352602261 cAIMIT LIBRARY aeng a153.94 27bSHAA aSharma, Arun;969272 aHow to prepare for verbal ability and reading comprehension for CAT :bCommon admission test and other management examination /cBy Arun Sharma and Meenakshi Upadhyay a7th ed.bMcGraw Hill Edition aNew Delhi :bTata McGraw Hill Education Private Limited. ,c2017. axx.1.278,2.438,3.64,4.66p. ;bPB :c26.5 cm. aAptitude Test969273 aCAT969274 aUpadhyay, Meenakshi.969275 2ddccBKe7thk153.94 SHAA c195670d195670 001040708MCAaAIMITbAIMITeKnowledge Worldg825.00l0o153.94 SHAApMCA15181r2026-05-23 00:00:00v618.75w2021-07-16yBK